000 00848nam a22002657a 4500
001 BR7701677
003 BR-BrBNA
005 20230928085232.0
007 ta
008 230509b bl.||||| |||| 00| 0 por d
040 _aBR-BrBNA
_bpor
_cBiblioteca Nacional de Agricultura
041 _a(Por)
072 _aE10; U10
_b/G514
090 _ E10 BR7701677
100 1 _aNojimoto, T.
110 1 _aEscola Superior de Agricultura Luiz de Queiroz, Piracicaba, SP (Brasil)
_0Tese (Mestrado)
245 1 _aProblemas encontrados na estimacao e interpretacao de funcoes de producao agricolas [Insumo; Brasil]
260 3 _aPiracicaba, SP (Brasil):
_c1976.
300 _a118 p.
500 _aNumerical data; 25 ref.; Summaries (Eng, Por)
650 _aInsumo
650 _aAnalise economica
909 _a202309
_bLucia
_c55
_dLucia Elande
942 _cBK
999 _c23422
_d23422